01198 a2200217 4500003000500000005001700005010001600022020001700038040000900055082002100064100002400085245007700109260005800186300003300244490014400277505029600421650002700717650009700744830007000841830006900911Nust20221019105613.0 a 87022846 a0898382483 : cNust00a620.00420285,MCC1 aMcCalla, William J.10aFundamentals of computer-aided circuit simulation /cWilliam J. McCalla. aBoston :bKluwer Academic Publishers,c[1987], c1988. axv, 175 p. :bill. ;c25 cm.1 aThe Kluwer international series in engineering and computer science ;vSECS 37.aVLSI, computer architecture, and digital signal processing aCircuit Equation Formulation (Page-1), Linear Equation Solution (Page-17), Sparse Matrix Methods (Page-37), Nonlinear Equation Solution (Page-53), Numerical Integration (Page-87), Adjoin t Networks and Sensitivity (Page-125), Pole-Zero Evaluation (Page-137), Statistical Analysis (Page-149). 0aComputer-aided design. 0aIntegrated circuitsxVery large scale integrationxDesign and constructionxData processing. 0aKluwer international series in engineering and computer science ; 0aKluwer international series in engineering and computer science.